ბათუმის შოთა რუსთაველის სახელმწიფო უნივერსიტეტის ბიბლიოთეკა

აჭარაში გავრცელებული ნოზოკომიური ინფექციების გამომწვევი E.coli-ის იდენტიფიკაცია და ანტიბიოტიკორეზისტენტობის პროფილის შესწავლა / (ბიბ.ჩანაწერი № 58060)

000 -ლიდერი
ფიქსირებული სიგრძის საკონტროლო ველი 02554nam a22002537a 4500
003 - საკონტროლო ნომრის იდენტიფიკატორი
საკონტროლო ველი Ge_BSU
005 - ბოლო ოპერაციის თარიღი და დრო
საკონტროლო ველი 20221221135320.0
008 - ფიქსირებული სიგრძის მონაცემთა ელემენტები - ზოგადი ინფორმაცია
ფიქსირებული სიგრძის საკონტროლო ველი 210603s2021 ge ||||| |||| 00| 0 geo d
041 ## - ენის კოდი
Language code of text/sound track or separate title geo
080 ## - უნივერსალური ათობითი კლასიფიკაციის ინდექსი
Universal Decimal Classification number 58 თ-15
100 ## - მთავარი ჩანაწერი - პიროვნების სახელი
Personal name თავაძე, ვიქტორია
9 (RLIN) 11951
245 ## - ცნობა სათაურის შესახებ
Title აჭარაში გავრცელებული ნოზოკომიური ინფექციების გამომწვევი E.coli-ის იდენტიფიკაცია და ანტიბიოტიკორეზისტენტობის პროფილის შესწავლა /
Statement of responsibility, etc ვიქტორია თავაძე; სამეცნიერო ხელმძღვანელი ლეილა ახვლედიანი, რუსუდან ხუხუნაიშვილი; ბათუმის შოთა რუსთაველის სახელმწიფო უნივერსიტეტი. საბუნებისმეტყველო მეცნიერებათა და ჯანდაცვის ფაკულტეტი. ბიოლოგიის დეპარტამენტი.
264 ## - წარმოების, გამოცემის, დისტრიბუციის და სხვა ცნობები
გამოცემის, წარმოების, დისტრიბუციის... ადგილი ბათუმი,
გამოცემის, წარმოების, დისტრიბუციის... თარიღი 2021.
300 ## - ფიზიკური აღწერა
Extent 121 გვ.
Other physical details ილ.
Dimensions 30 სმ.
504 ## - BIBLIOGRAPHY, ETC. NOTE
Bibliography, etc ბიბლიოგრ. გვ. 110--121
653 ## - INDEX TERM--UNCONTROLLED
Uncontrolled term აჭარაში გავრცელებული ნოზოკომიური ინფექციების გამომწვევი E.coli-ის იდენტიფიკაცია და ანტიბიოტიკორეზისტენტობის პროფილის შესწავლა
653 ## - INDEX TERM--UNCONTROLLED
Uncontrolled term დისერტაცია
653 ## - INDEX TERM--UNCONTROLLED
Uncontrolled term ბიოლოგია
653 ## - INDEX TERM--UNCONTROLLED
Uncontrolled term მიკრობიოლოგია
700 ## - ADDED ENTRY--PERSONAL NAME
Personal name ახვლედიანი, ლეილა
Relator term სამეცნიერო ხელმძღვანელი
9 (RLIN) 9938
700 ## - ADDED ENTRY--PERSONAL NAME
Personal name ხუხუნაიშვილი, რუსუდან
Relator term სამეცნიერო ხელმძღვანელი
9 (RLIN) 3241
710 ## - ADDED ENTRY--CORPORATE NAME
Corporate name or jurisdiction name as entry element ბათუმის შოთა რუსთაველის სახელმწიფო უნივერსიტეტი.
Subordinate unit საბუნებისმეტყველო მეცნიერებათა და ჯანდაცვის ფაკულტეტი. ბიოლოგიის დეპარტამენტი.
9 (RLIN) 10400
942 ## - ADDED ENTRY ELEMENTS (KOHA)
Source of classification or shelving scheme
Koha item type დისერტაცია
ეგზემპლარები
ჩამოწერის სტატუსი დაკარგული ეგზემპლარის სტატუსი კლასიფიკაციის წყარო ან თაროზე გაწყობის სქემა დაზიანების სტატუსი არ გაიცემა მუდმივი მდებარეობა (დაცვის ადგილი) ამჟამინდელი ადგილსამყოფელი თაროზე განთავსების ადგილი შეძენის თარიღი სრული შენახვის შიფრი შტრიხკოდი ბოლო ოპერაციის თარიღი ეგზემპლარის მიმდევრობითი ნომერი (კეტერი?) ფასის ძალაში შესვლის თარიღი ეგზემპლარის სახეობა
        შიდა ფონდი ბათუმის შოთა რუსთაველის სახელმწიფო უნივერსიტეტის მთავარი ბიბლიოთეკა ბათუმის შოთა რუსთაველის სახელმწიფო უნივერსიტეტის მთავარი ბიბლიოთეკა წიგნსაცავი 2021-06-03 58 თ-15 363 დისერტ. 2021-06-03 363 2021-06-03 დისერტაცია